000
00276nam a2200109Ia 4500
008
200302s9999 xx 000 0 und d
100
_a
Kakuzo Akahira
245
_a
Contemporary British Architectural Drawing
260
_b
Academy Group Ltd.
260
_c
1993
300
_a
216 P.,
999
_c
2040
_d
2040